| 000 | 02182nam0a2200433 4500 | ||
|---|---|---|---|
| 001 | RU\NLR\bibl\420250 | ||
| 005 | 20250622173405.0 | ||
| 010 |
_a5-9228-0096-5 _9300 |
||
| 021 |
_aRU _b2003-27655 _91287 |
||
| 035 | _a(NLR Aleph) 000414185 | ||
| 090 |
_a654051 _c654051 |
||
| 100 | _a20030710d2002 |||y0rusy50 ca | ||
| 101 | 0 |
_arus _aeng |
|
| 102 | _aRU | ||
| 105 | _ay ||||||||| | ||
| 200 | 1 |
_aРусско-английский и англо-русский глоссарий по теме "Международная безопасность" _eВ 2 ч. _fСост. Толкач Л. А., Дегтярь Н. А. _gМоск. гос. ин-т междунар. отношений (ун-т) МИД России. Каф. англ. яз. N 1 и N 7 |
|
| 210 |
_aМ. _cМГИМО _d2002 |
||
| 215 |
_a116 с. _d20 |
||
| 606 | 0 |
_aРусский язык _xТерминология дипломатическая _xСловари _xАнглийский язык _92218622 _3RU\NLR\auth\661332347 |
|
| 606 | 0 |
_aАнглийский язык _xТерминология дипломатическая _xСловари _xРусский язык _91227194 _3RU\NLR\auth\66500040 |
|
| 606 | 0 |
_aМеждународная безопасность _jСловари _91356066 _3RU\NLR\auth\66566872 |
|
| 610 | 0 | _aМеждународные отношения - Словари русско-английские | |
| 610 | 0 | _aБезопасность государств - Словари русско-английские | |
| 610 | 0 | _aМеждународные отношения - Словари англо-русские | |
| 610 | 0 | _aБезопасность государств - Словари англо-русские | |
| 675 |
_a327(038)-161.1-111 _v3 _zrus |
||
| 686 |
_a11.25 _2rugasnti |
||
| 686 |
_a66.2(0)я2 _2rubbk |
||
| 686 | _aШ141.12-434.3 | ||
| 686 | _aШ143.21-434.3 | ||
| 686 | _aХ918.112я212 | ||
| 686 | _aТ3(0)63-6я212 | ||
| 702 | 1 |
_aТолкач _bЛ. А. _gЛюдмила Алексеевна _4220 |
|
| 801 | 0 |
_aRU _bRKP _c20030710 _gPSBO |
|
| 801 | 1 |
_aRU _bRKP _c20030710 |
|
| 801 | 2 |
_aRU _bNLR _c20031017 _grcr |
|
| 942 | _cBOOK | ||
| 980 | _aNB | ||